Catalog

Record Details

Catalog Search



Poppy and Sam's animal hide-and-seek / written by ... Read More

Available copies

  • 1 of 1 copy available at LARL/NWRL Consortium.
  • 1 of 1 copy available at Northwest Regional Library. (Show preferred library)

Current holds

0 current holds with 1 total copy.

Show Only Available Copies
Location Call Number / Copy Notes Barcode Shelving Location Status Due Date
Thief River Falls Public Library e TYL (BOARD BOOK) (Text) 35500006734428 Main Available -

Record details

  • ISBN: 9781805070757
  • ISBN: 1805070754
  • Physical Description: 1 volume (unpaged) : colour illustrations ; 22 x ... Read More
  • Publisher: London : Usborne Publishing Limited, 2023.

Content descriptions

General Note:
Cover title.
On board pages.
First published in 2019.
"Touchy-feely and flaps"--Front cover.
Summary, etc.:
Join Poppy and Sam as they play hide-and-seek on ... Read More
Target Audience Note:
0-5 years old.
Subject: Farms > Pictorial works > Juvenile fiction.
Domestic animals > Pictorial works > Juvenile fiction.
Children's stories > Pictorial works.
Genre: Toy and movable books.
Textured books.
Board books.
Picture books.
LDR 02390cam a2200589Mi 4500
001426839
003LARL_NWRL_CONSORTIUM
00520231130204421.0
008231026t20232019enka j 000 1 eng|d
010 . ‡ajb2023044476
040 . ‡aAU@ ‡beng ‡cAU@ ‡erda ‡dOCLCO ‡dJBZ
020 . ‡a9781805070757
020 . ‡a1805070754
035 . ‡a(OCoLC)1409675556
08204. ‡a823.914 ‡223
1001 . ‡aTyler, Jenny, ‡eauthor. ‡0(LARL_NWRL_CONSORTIUM)52018
24510. ‡aPoppy and Sam's animal hide-and-seek / ‡cwritten by Jenny Tyler ; illustrated by Stephen Cartwright.
24630. ‡aAnimal hide-and-seek
264 1. ‡aLondon : ‡bUsborne Publishing Limited, ‡c2023.
264 4. ‡c©2019.
300 . ‡a1 volume (unpaged) : ‡bcolour illustrations ; ‡c22 x 22 cm.
336 . ‡atext ‡btxt ‡2rdacontent
336 . ‡astill image ‡bsti ‡2rdacontent
337 . ‡aunmediated ‡bn ‡2rdamedia
338 . ‡avolume ‡bnc ‡2rdacarrier
4900 . ‡aUsborne Farmyard Tales
500 . ‡aCover title.
500 . ‡aOn board pages.
500 . ‡aFirst published in 2019.
500 . ‡a"Touchy-feely and flaps"--Front cover.
520 . ‡aJoin Poppy and Sam as they play hide-and-seek on Apple Tree farm! With flaps to lift and lots of furry and textured patches to explore, this book introduces the popular characters from Apple Tree Farm to very young children. A delightful book for adults and children to share.
521 . ‡a0-5 years old.
650 0. ‡aFarms ‡vPictorial works ‡vJuvenile fiction.
650 0. ‡aDomestic animals ‡vPictorial works ‡vJuvenile fiction.
650 0. ‡aChildren's stories ‡vPictorial works.
655 7. ‡aToy and movable books. ‡2lcgft
655 7. ‡aTextured books. ‡2lcgft
655 7. ‡aBoard books. ‡2lcgft
655 7. ‡aPicture books. ‡2lcgft
7001 . ‡aCartwright, Stephen, ‡d1947-2004, ‡eillustrator. ‡0(LARL_NWRL_CONSORTIUM)65285
901 . ‡a426839 ‡bAUTOGEN ‡c426839 ‡tbiblio

Additional Resources